[Event "Isthmia op 1st"]
[Site "Vrachati"]
[Date "2011.08.23"]
[Round "7"]
[White "Rozentalis, Eduardas"]
[Black "Tiviakov, Sergei"]
[Result "0-1"]
[WhiteElo "2571"]
[BlackElo "2623"]
[Annotator "Tiviakov,S"]
[PlyCount "104"]
[EventDate "2011.08.18"]
[EventType "swiss"]
[EventRounds "9"]
[EventCountry "GRE"]
[SourceTitle "CBM 144"]
[Source "ChessBase"]
[SourceDate "2011.09.16"]
[SourceVersion "1"]
[SourceVersionDate "2011.09.16"]
[SourceQuality "1"]

{This game from the 1st Vrachati (Greece) chess tournament was extremely
important for me. Played in the 7th round of the tournament I had to win in it
in order to continue the fight for the 1st place. Having made several draws in
the first rounds of the tournament I had a bad Bucholz and the money prizes
were awarded according to the tie-break. With a huge difference between the
first and the lower prizes I was in an almost 'must-win' situation - quite a
common thing in open tournaments lately. You have to fight in the last rounds
and if you win then you get a good prize, if not then you return empty-handed.
In Vrachati I played 2 out of my last 3 games with the black pieces and
managed to win both of them.} 1. e4 {My opponent - the very experienced and
solid player E. Rozentalis from Lithuania - always plays 1.e4 and after it I
had to make a decision which opening to choose: the Scandinavian Defence (my
main weapon against 1.e4 right now) or the Sicilian Defence which I still play
occasionally.} c5 {In this game I decided to play the Sicilian Defence. Very
often I play it against those players who don't go into the main lines. The
main systems of my opponent against the Sicilian are 2.c3 (which I play myself
with White) or 3.Bb5.} 2. Nf3 {Before the game I was more afraid of the move 2.
c3 after which it is much more difficult to get a position which can be played
for a win by Black.} d6 3. Bb5+ Nd7 {This move is practically the only
possibility to play for a win by Black after the check on b5. Both other moves
played by me: 3...Nc6 and 3...Bd7 promise few winning possibilities if the
player with the white pieces is satisfied with the draw!} 4. O-O Ngf6 5. e5 $6
({This move came as a complete surprise for me. White is playing for a draw,
but in too straight-forward a way. After the text move White immediately finds
himself in a slightly worse position. Normal moves here are:} 5. Re1) (5. d3) (
5. d4) 5... dxe5 6. Nxe5 a6 {Now some exchanges are forced. After them White
loses the control of the centre, also he is behind in development.} 7. Bxd7+ ({
If White keeps his b5-bishop then Black has a small advantage after} 7. Nxd7
Nxd7 8. Bc4 ({or} 8. Be2 e5 $15) 8... Ne5 $15) 7... Nxd7 8. Qe2 ({Black is
slightly better after all other moves as well.} 8. d4 Nxe5 9. dxe5 Qxd1 10.
Rxd1 Bf5 $15 {_|_}) (8. Re1 Nxe5 9. Rxe5 e6 $15) (8. Nxd7 Bxd7 9. d4 $15) 8...
Nxe5 9. Qxe5 Qd4 $146 ({I could not have been happier at this moment of the
game. I have got a slightly better position - an ending would appear on board
soon where Black has excellent winning chances due to his advantage of the
pair of bishops. The text move is new.} 9... Qd6 {was played here before.}) 10.
Re1 ({Or} 10. Qxd4 cxd4 $15 {with advantage for Black.}) 10... e6 ({Clearly,
it was better to exchange the queens immediately here by} 10... Qxe5 $142 11.
Rxe5 e6 $15 {but during the game I was absolutely sure that my opponent would
never move the queen away from the e5-square since he was playing for a draw.})
11. Nc3 (11. a4 {is being met by} Qxe5 12. Rxe5 Bd6 $15 {with a course of the
game similar to 11.Nc3}) ({But} 11. Qh5 Be7 (11... g6 12. Qf3 Bg7 13. Nc3) 12.
Nc3 {followed by d3, Be3, was better for White. Then he gets some activity and
counter-play.}) 11... Bd7 12. d3 ({Here again} 12. Qh5 Be7 13. d3 {was better
and if} O-O {now, then} 14. Be3 Qb4 15. Rab1 {with good chances to equalise.})
12... Qxe5 {After making all other useful moves Black has nothing better than
to exchange on e5.} 13. Rxe5 f6 14. Re2 Kf7 15. a4 b6 {It is necessary to
avoid the fixing of the b7-pawn by a4-a5.} 16. Ne4 Rc8 ({A difficult decision
to make during the game.} 16... Be7 {was the alternative to the text, but I
didn't like the opening of the position after} 17. Bf4 {(threatening Nd6)} e5
18. Be3 {(threatening a5, the c5 pawn is weak)} Rac8 19. f4 exf4 20. Bxf4 $132
{with counter-play. The drawback of the text move is that it allows the
transfer of the white knight to b6. It was rather difficult to understand the
consequences of this transfer.}) 17. Nd2 $5 ({After} 17. Bf4 Rc6 $15 {Black
plays Be7 and afterwards finishes his development later, starting to improve
his position.}) 17... Be7 {Black has nothing better than to allow the transfer
of the knight to b6.} 18. Nc4 Rc6 19. a5 b5 20. Nb6 {The Nb6 is rather strong
on b6 controlling several important squares inside the black camp but at the
same time the knight on b6 is weak since it is stands near to the edge of the
board and has no squares to which it can move. It can be only exchanged for
the bishop on d7 and this exchange favours Black since the a5-pawn is on a
black square (the same colour as the white bishop) and this pawn can be
attacked by the remaining black bishop on e7.} Rd8 21. f4 ({Luckily for me
White cannot completely block the position and stop all black play. He can
only choose between allowing Black to play ,,,e6-e5 or ,,,c5-c4. After both
pawn advances Black keeps his advantage. E.g.} 21. b3 e5 $15) 21... c4 {
It is necessary to play this move otherwise White himself plays b2-b3.} 22.
dxc4 bxc4 23. c3 Rd6 {Here I spent some time thinking about how to regroup my
pieces, what to do with the bishop on d7. Finally I decided to put my bishop
on b5, not only protecting the pawn on c4 but also not allowing the b6-knight
to get back into play via the a4-square.} 24. Be3 (24. Nxc4 Rd1+ 25. Kf2 Bb5
$19 {loses.}) 24... Bb5 25. Rae1 ({I believe that White had to give Black an
opportunity to make an exchange sacrifice. No doubt about it: Black has an
excellent compensation for the exchange and stands better but then, I think,
White would have more chances to make a draw than after the normal course of
the game.} 25. Bd4 $5 {was better. E.g.} Rxd4 (25... h6 26. Rae1 g5 $15 {
deserves serious attention as well and if} 27. Bc5 $140 {then} Rd1 28. Bxe7
Rxe1+ 29. Rxe1 Kxe7) 26. cxd4 Rxd4 $15) 25... Rd1 26. Kf2 Rxe1 27. Rxe1 ({After
} 27. Kxe1 {Black plays similarly to the game:} e5 $17 {And White's Nb6 is
still out of play.}) 27... e5 {it is very important not to allow the white
bishop to occupy the d4-square.} 28. fxe5 fxe5 29. Ke2 Ke6 (29... h5 $5 {
immediately was possible not giving White the possibility to play g2-g4
himself.}) 30. Rf1 ({Here} 30. g4 $5 {deserved the most serious attention.})
30... h5 31. h4 $2 ({White makes a mistake in his calculations and loses a
pawn, but still after the correct} 31. Rd1 Rd3 $17 {he is doomed. Black has
huge, probably, decisive advantage which can be converted into a full point
with good technique.} (31... g5 $5) (31... Rxd1 32. Kxd1 Kf5 $17)) 31... Bxh4
32. Rh1 g5 33. g3 ({White, probably, missed that} 33. Rh3 {doesn't win the
bishop after} Kf5 $1 34. g3 Kg4 $19) (33. Rg1 {also loses after} Bg3 34. Rh1 h4
35. Bxg5 Rg8 36. Bxh4 ({or} 36. Be3 Bc6 37. Nxc4 Bxg2 $19 {and the passed pawn
on h4 decides the outcome of the game.}) 36... Rh8 $19) 33... Bxg3 34. Bxg5 ({
or} 34. Rxh5 Bf4 $19 {winning}) 34... Rf8 $2 ({This move is a serious mistake,
it was much better to play} 34... Rh8 35. Rf1 e4 $1 {(this move was missed by
me)} 36. Rf6+ Ke5 $19 {with an easy win because of the passed pawn on h5.}) 35.
Rxh5 Rf2+ {Black keeps his extra pawn but due to the limited amount of
material left and the later activation of the knight on b6 White gets some
drawing chances.} 36. Kd1 Rxb2 37. Rh3 $1 {A very good move.} Rg2 38. Bd2 Kf5 {
Black has nothing better than to give the d5-square to the white knight.} 39.
Nd5 Ke4 $138 40. Nf6+ Kf5 41. Nd5 Kg4 42. Rh1 ({After} 42. Rh6 $5 {Black would
have had to find a difficult sequence of moves in order to win:} Kf3 43. Rf6+
Ke4 44. Nc7 Ba4+ 45. Kc1 Bh4 $1 (45... Rg1+ 46. Kb2) 46. Rf7 (46. Rf1 Be7 $19)
(46. Rd6 Be7 $19) (46. Re6 Kf5 47. Rh6 Be7) (46. Rxa6 Be7 $19) 46... Rg6 $19)
42... Bf2 43. Be3 ({After} 43. Ne3+ Bxe3 44. Bxe3 Ra2 $19 {Black wins the 2nd
pawn.}) 43... Bc6 44. Bxf2 (44. Rf1 {doesn't allow White to make a draw after}
Bg3 45. Nb4 Bf3+ 46. Kc1 Re2 47. Bd2 e4 $19) 44... Rxf2 45. Rg1+ ({Black's
task to win would have been rather difficult after} 45. Ne3+ Kf4 46. Re1 Ra2
47. Nxc4 Bf3+ 48. Kc1 e4 49. Kb1 Ra4 50. Ne3 Rxa5 $19 {although, of course,
here Black must win using his extra pawn and much more active pieces.}) 45...
Kf3 46. Nb4 $6 ({The decisive mistake, White can no longer play for a draw
after it. The only way to prolong the resistance was to play} 46. Nb6 Ra2 ({or
} 46... Bb5 47. Rg5 Ke4 48. Rg4+ Ke3 49. Rg3+ Kf4 50. Rh3 Ra2 51. Rh4+ Kg5 52.
Re4 Kf5 53. Rh4 $19 {with drawing chances}) 47. Rf1+ Ke4 48. Nxc4 Bb5 49. Nd6+
Ke3 50. Rf6 Bd3 51. Nf5+ Bxf5 52. Rxf5 Rxa5 $19 {when Black must win the
resulting rook ending.}) 46... Ba4+ 47. Kc1 (47. Ke1 Re2+ 48. Kf1 Rd2 $19)
47... e4 $19 {White cannot stop the advance of the pawn to e2 and its
promotion.} 48. Nxa6 e3 49. Nc5 e2 50. Re1 Ke3 51. Rxe2+ (51. Nxa4 Rf1) 51...
Rxe2 ({It was still possible to blunder. After} 51... Kxe2 $2 52. Nxa4 $15 {
Black cannot win.}) 52. Nxa4 Kd3 {Both white pawns a5 and c3 will be lost soon.
.. so White resigned.} 0-1

[Event "Corus-B"]
[Site "Wijk aan Zee"]
[Date "2004.01.17"]
[Round "6"]
[White "Bruzon Batista, Lazaro"]
[Black "Tiviakov, Sergei"]
[Result "1/2-1/2"]
[WhiteElo "2603"]
[BlackElo "2600"]
[Annotator "Tiviakov,S"]
[PlyCount "59"]
[EventDate "2004.01.10"]
[EventType "tourn"]
[EventRounds "13"]
[EventCountry "NED"]
[EventCategory "13"]
[SourceTitle "CBM 099"]
[Source "ChessBase"]
[SourceDate "2004.03.30"]
[SourceVersion "1"]
[SourceVersionDate "2004.03.30"]
[SourceQuality "1"]

1. e4 c5 2. Nf3 Nc6 3. Bb5 d6 4. O-O Bd7 5. Re1 Nf6 6. c3 a6 7. Bf1 Bg4 8. d3
Bxf3 $5 9. Qxf3 (9. gxf3 e6 10. f4 Be7 11. Nd2 d5 12. e5 Ng8 13. Bh3 g6 14. Nf1
Nh6 15. Ng3 Nf5 16. Nxf5 gxf5 17. Kh1 h5 18. Rg1 Bf8 19. Qf3 Qh4 20. Bd2 O-O-O
21. a3 d4 22. c4 Bh6 23. Rad1 Rdg8 24. Rxg8+ Rxg8 25. b4 Bf8 26. b5 axb5 27.
cxb5 Ne7 28. Rc1 Nd5 29. Bxf5 Nxf4 30. Be4 Nh3 31. Rf1 Be7 32. Bxb7+ Kd8 33.
Qxf7 Qg4 34. Ba5+ Kd7 35. Bc6+ Kc8 36. Qxg8+ Qxg8 37. Bd2 Bh4 38. Be1 Qg7 39.
b6 Qxe5 40. f4 Qe2 41. Bg2 Bxe1 42. Bxh3 Kb7 {0-1 Zelenaja Azaric,G-Ujhazi,D/
Herceg Novi 1999/EXT 2001 (42)}) 9... g6 10. Qd1 (10. a4 Bg7 11. Na3 O-O 12.
Bd2 Rb8 13. g3 Nd7 14. Qe2 b5 15. axb5 axb5 16. f4 Na5 17. Rad1 b4 18. Nb1 bxc3
19. bxc3 Rb2 20. Qf3 Qb6 21. Bg2 Rb8 22. Qf1 Qb3 23. g4 Qa2 24. Be3 Nb3 25. h4
Na1 26. Nd2 Nc2 27. Ra1 Nxa1 28. Rxa1 Qe6 29. f5 Qf6 30. d4 Qxh4 31. Qf4 cxd4
32. cxd4 Rxd2 {0-1 Wieweg,J-Winsnes,R/Stockholm 1992/TD (32)}) (10. Be3 Bg7 11.
Nd2 O-O 12. d4 cxd4 13. cxd4 Nd7 14. Nb3 Na5 15. Qd1 Rc8 16. Qd2 Nxb3 17. axb3
Nb8 18. h3 Nc6 19. d5 Ne5 20. f4 Nd7 21. b4 Kh8 22. Be2 Kg8 23. Rac1 Nf6 24.
Bf3 Rxc1 25. Rxc1 Re8 26. Qc2 h6 27. Qc7 Qxc7 28. Rxc7 e6 29. dxe6 Rxe6 30.
Rxb7 Nxe4 31. Bg4 Re8 32. Bd7 Rd8 33. Bb6 Rf8 34. Bc6 Ng3 35. Kf2 Nh5 36. Kf3
Bxb2 37. g4 Ng7 38. Bd5 Ne6 39. f5 Ng5+ 40. Kg2 gxf5 41. gxf5 Kg7 42. Ra7 Kf6
43. h4 Nh7 44. Be3 Kxf5 45. Bxh6 Rg8+ 46. Kf3 Nf6 47. Ba2 Rg4 48. Re7 Rg1 49.
Bc4 Ng4 50. Bd3+ Kf6 51. Bg5+ Kg7 52. Bxa6 Ne5+ 53. Ke2 Bc3 54. b5 Ba5 55. Bc8
Rb1 56. Rb7 Kg6 57. Be7 Re1+ 58. Kf2 Nd3+ 59. Kg2 Nc5 60. Bxd6 Nxb7 61. Bxb7
Bb6 62. Bf3 f5 63. Bf4 Rg1+ 64. Kh3 Rb1 65. h5+ Kf6 66. Bc6 Rb3+ 67. Kg2 Rd3
68. Bf3 Rb3 69. Bc6 Rb1 70. Kh2 Bd4 71. Kg2 Be5 72. Be3 f4 73. Bf2 Bc7 74. h6
Rb2 75. Kf3 Kg6 76. b6 Bxb6 77. Be4+ Kxh6 78. Bxb6 Rxb6 79. Kxf4 {1/2-1/2 Van
den Doel,E-Protaziuk,G/Zagan 1995/EXT 97 (79)}) (10. Bg5 Bg7 11. Nd2 O-O (11...
Nd7 12. Qh3 h6 13. Be3 b5 14. a3 a5 15. Nf3 e5 16. a4 b4 17. Rad1 Qb6 18. Nd2
Qc7 19. Be2 Nb6 20. Ra1 Qd7 21. Qg4 Qe7 22. Bd1 Qe6 23. Qg3 h5 24. h3 Bh6 25.
Bb3 Qf6 26. Nc4 Nxc4 27. Bxc4 Rc8 28. h4 Rc7 29. Rf1 Bf4 30. Qh3 Nd8 31. g3
Bxe3 32. fxe3 Qe7 33. Rf3 Kf8 34. Raf1 Kg7 35. R1f2 Rf8 36. Qf1 Qd7 37. Rf6 Qe7
38. Bd5 Qd7 39. Qd1 Qe7 40. Qf3 Nc6 41. Rf1 Nb8 42. Qf2 Nc6 43. g4 Nd8 44. gxh5
Rh8 45. hxg6 fxg6 46. Kg2 Rh5 47. Qf3 Rxh4 48. Qg3 Rh6 49. Rf8 Ne6 50. R1f7+
Qxf7 51. Rxf7+ Rxf7 52. Bxe6 Rf6 53. Bg4 Rh8 54. cxb4 cxb4 55. d4 Re8 56. Bf5
Re7 57. Qg5 Kf7 58. Bg4 Kg7 59. b3 exd4 60. exd4 Rxe4 61. d5 Re5 62. Qd2 Re4
63. Be6 Rff4 64. Qc2 Re5 65. Qc7+ Kh6 66. Kg3 Rf1 67. Kg2 Rf4 68. Qc1 Rg5+ 69.
Kh3 Rh5+ 70. Kg3 g5 71. Qc8 Rhh4 72. Qh8+ Kg6 73. Qg8+ Kf6 74. Qf7+ Ke5 75.
Qg7+ Ke4 {1-0 Iordachescu,V-Tiviakov,S/Vlissingen NED 2003/Inf 88/170}) 12. h3
b5 13. Qe3 Re8 14. f4 Nd7 15. Nf3 b4 16. d4 bxc3 17. bxc3 cxd4 18. cxd4 Qb6 19.
Rad1 Nb4 20. Qd2 Nc6 21. Kh1 Qb4 22. e5 dxe5 23. dxe5 Nc5 24. Qd5 Rac8 25. Rc1
Na5 26. Red1 h6 27. Bh4 Nab7 28. Qc4 Qxc4 29. Rxc4 Na5 30. Rcc1 Ne6 31. Rxc8
Rxc8 32. Bxe7 Nxf4 33. Bxa6 Rc2 34. Rd8+ Kh7 35. Rd2 Rxd2 36. Nxd2 Bxe5 37. a4
Nd5 38. Bc5 Bc7 39. Bc4 Nxc4 40. Nxc4 Kg7 41. a5 Bg3 42. a6 Nc7 43. a7 f5 44.
Nb6 g5 45. Kg1 Kf7 46. a8=Q Nxa8 47. Nxa8 g4 48. Nb6 Ke6 49. Bf2 Bc7 50. Na4 h5
51. Nc3 f4 52. Bd4 Kf5 53. Kf2 Bd8 54. Bc5 Bg5 55. Bd6 Bh4+ 56. Kf1 Bg5 57. Ne2
Ke4 58. Bc7 gxh3 59. gxh3 Kf3 60. Bb6 Be7 61. Nd4+ Ke4 62. Ke2 Bf6 63. Nf3 Bc3
64. Bf2 Bb4 65. Be1 Be7 66. Bc3 Bc5 67. Nd2+ Kf5 68. Kf3 Bd6 69. Ne4 Bc7 70.
Bb4 Ke6 71. Nf2 Kf5 72. Nd3 Kg5 73. Be7+ Kf5 74. h4 Bb8 75. Bg5 Bd6 76. Nxf4 {
1-0 Arribas,M-Pina,S/Havana 1998/EXT 99 (76)}) (10. Nd2 Bg7 11. Qg3 (11. Qd1 {
- 10.Qd1 Bg7 11.Nd2}) 11... b5 12. f4 O-O 13. Nf3 b4 14. Qh4 bxc3 15. bxc3 Nd7
16. Bd2 Rb8 17. Ng5 h6 18. Nf3 e6 19. Qxd8 Rfxd8 20. Reb1 f5 21. exf5 gxf5 22.
Re1 Kf7 23. Rab1 Rb6 24. Rxb6 Nxb6 25. Rb1 Rb8 26. Kf2 d5 27. Be2 Ke7 28. h3
Nd7 29. Rxb8 Ndxb8 30. g4 d4 31. cxd4 fxg4 32. hxg4 Nxd4 33. Nxd4 Bxd4+ 34. Kg3
Nc6 35. Kh4 Kf7 36. Kh5 Bg7 37. Be3 Nb4 38. Bxc5 Nxa2 39. d4 Nc3 40. Bxa6 Nd5
41. Bd6 Bxd4 42. Kxh6 Bg7+ 43. Kg5 Bf6+ 44. Kh5 Be7 45. Bxe7 Kxe7 46. Kg5 Ne3
47. Be2 Kf7 48. Bf3 Kg7 49. Be4 Kf7 50. Bg6+ Kg7 51. Bb1 Kf7 52. Ba2 Ke7 53.
Bb3 Ng2 54. Ba2 Ne3 55. Kh4 Kf6 56. Bb1 Nd5 57. Kg3 Ne7 58. g5+ Kf7 59. Kf3 Nd5
60. Be4 Nc3 61. Ke3 Nb5 62. Bd3 Nd6 63. Kd4 Ke7 64. Bg6 Nb5+ 65. Kc4 Nd6+ 66.
Kc5 Nb7+ 67. Kd4 Nd6 68. Bd3 Nf7 69. g6 Nh6 70. Kc5 Kf6 71. Kd6 Nf5+ 72. Kd7
Nh4 73. Be4 Nxg6 74. Bxg6 e5 75. fxe5+ {1/2-1/2 Brynell,S-Ekstroem,R/Sweden
2000/EXT 2002 (75)}) (10. Qh3 Qd7 11. Qe3 Bg7 12. Nd2 O-O 13. f4 e5 14. Nc4
Rae8 15. Qf3 b5 16. fxe5 Nh5 17. Nb6 Qd8 18. Nd5 Nxe5 19. Qh3 f5 20. Bd2 fxe4
21. dxe4 Qb8 22. Rad1 Qb7 23. b3 Nf6 24. Nxf6+ Rxf6 25. a4 h5 26. axb5 axb5 27.
Be2 Rfe6 28. Qg3 Kh7 29. Rf1 c4 30. bxc4 bxc4 31. Rfe1 Qc6 32. Qh3 Kg8 33. Qg3
Kh7 34. Qh3 Kg8 35. Qg3 Kh7 36. Qh3 {1/2-1/2 Hunt,H-Kovalevskaya,E/Stockholm
SWE 2003/The Week in Chess 426 (36)}) (10. Rd1 $5) 10... Qb6 $146 (10... Bg7
11. Nd2 (11. d4 $5 cxd4 12. cxd4 e5 13. d5 Nd4 $132) 11... O-O (11... Nd7 12.
Nf3 O-O 13. Be3 Qc7 14. d4 b5 15. Rc1 e5 16. Qd2 Rfe8 17. d5 Ne7 18. g3 Nf6 19.
Bg5 Nc8 20. b3 Nb6 21. Qc2 h6 22. Be3 Ng4 23. Bd2 c4 24. Bh3 h5 25. Ng5 Bf6 26.
Qd1 Qe7 27. Nf3 Rec8 28. Qe2 Nd7 29. Red1 cxb3 30. axb3 Nc5 31. b4 Na4 32. Be1
Rc7 33. c4 bxc4 34. Rxc4 Rxc4 35. Qxc4 Nb2 36. Qc6 Rb8 37. Rb1 Nd3 38. Qxa6
Nxe1 39. Nxe1 Bg5 40. b5 Nf6 41. Bg2 Nd7 42. Nd3 Nb6 43. Qa3 Ra8 44. Qb2 Qc7
45. f4 exf4 46. gxf4 Qc4 47. Qb3 {1/2-1/2 Svidler,P-Halkias,S/Moscow 2003/CBM
94/Inf 87/(177)}) (11... Qb6 {- 10...Qb6 11.Nd2 Bg7}) 12. Nf3 Ng4 13. a3 Rc8
14. Rb1 Nge5 15. Nxe5 Nxe5 16. Bg5 Qd7 17. Qd2 Rfe8 18. Rbc1 b5 19. h3 Nc6 20.
Be3 d5 21. f4 e5 22. exd5 Qxd5 23. Qf2 exf4 24. Bxc5 f3 25. d4 fxg2 26. Bxg2
Qd7 27. Rxe8+ Rxe8 28. Re1 Rc8 29. b4 h5 30. Qf3 Bf8 31. Qf6 Bg7 32. Qd6 Qxd6
33. Bxd6 Bf6 34. Bc5 Kg7 35. a4 bxa4 36. Ra1 a5 37. b5 Nd8 38. b6 Rb8 39. Rxa4
Ne6 40. b7 Nxc5 41. dxc5 Bd8 42. c6 Kf6 43. Rd4 Bb6 44. Kf1 Ke6 45. Rd7 a4 46.
c7 {1-0 Grischuk,A-Radjabov,T/Moscow 2002/CBM 91 (46)}) 11. Nd2 Bg7 12. f4 $5 (
12. Nc4 Qc7 13. Bg5 (13. d4 $6 cxd4 14. cxd4 d5 $13) 13... O-O 14. Ne3 e6 $11)
(12. Nf3 Nd7) (12. a3 $5 {/\b4, /\Rb1, b4}) 12... O-O 13. Kh1 Qc7 14. Qe2 (14.
Nf3 b5 $13) 14... b5 15. Nf3 (15. e5 dxe5 (15... Nd5 $5) 16. fxe5 Nd5) 15... e6
(15... Rab8 $5 16. a3 a5 $132 {/\b4}) 16. a3 Rab8 17. Bd2 a5 18. e5 (18. d4
cxd4 19. cxd4 d5 20. e5 Ne4 $11) 18... Nd5 (18... dxe5 $5 19. fxe5 (19. Nxe5
Nd5 $13) 19... Nd5 $13) 19. d4 cxd4 20. cxd4 Qb6 21. Qe4 Rfd8 (21... Rfe8 $5
22. Rac1 {/\Rc2, Rec1}) 22. g4 $6 (22. Rac1 {/\Rc2, Rec1}) 22... Nde7 (22...
Nce7 23. Rac1 {/\Rc2, Rec1}) (22... dxe5 $5 23. dxe5 Nce7 {/\Rd7, Rbd8}) 23.
Be3 {[/\Bf2-h4]} Qb7 $1 {[/\Na7]} 24. Bg2 a4 $1 {[/\Na5-c4]} 25. Bf2 (25. Rac1
$5 Na5 26. Qxb7 Rxb7 27. exd6 Nd5 28. Ne5 Nc4 29. Nxc4 bxc4 30. Rxc4 Nxe3 31.
Rxe3 Rxb2 $13) 25... Na5 26. Qe2 $6 (26. Qxb7 Rxb7 $13 {_|_}) 26... Nd5 27. Bg3
Nc4 (27... dxe5 $5 28. Nxe5 (28. fxe5 Nc4 $13) (28. dxe5 Nc4 $13) 28... Nb3 29.
Rad1 Qb6 30. f5 $1 $36) 28. f5 (28. Qf2 $5 {><e3}) 28... exf5 29. gxf5 Nde3 $1
30. e6 $15 {[30...fxe6 31.fxg6 hxg6 32.Bf4 Nxg2 33.Qxe6+ Qf7 34.Kxg2 Rf8=/+ 
(34...Nxb2 35.Ng5 Qxe6 36.Rxe6=/+ <=>); 30...Nxg2 31.Qxg2 Re8=/+]} (30. fxg6
hxg6 31. exd6 Nxg2 32. Qxg2 Nxd6 $15) (30. f6 Bh6 $15 (30... Bf8 $15)) 1/2-1/2